Quotes - Baldur's Gate 3 - Statistics

General Stats
  • This quiz has been taken 20 times
  • The average score is 19 of 29
Answer Stats
Hint Answer % Correct
Why she sounds positively demented. I love it! let's tell her everything Astarion
89%
you licked a dead spider. dead spider. you licked it. that is something that happened. i think we need to get you some air and perhaps have a long talk about unresolved childhood issues. Gale
89%
What I would not give for a chunk of fresh honeycomb... Halsin
89%
I'm too tall for this... Karlach
89%
I wasn't expecting it, but I am glad to have some company on this journey. Shadowheart
89%
You're supposed to be the fearsome General, come to conquer the city. And I am the hero that will save it. Gortash
84%
Why would i bury a weapon? Is it broken? Lae'zel
84%
I had prayed that you would come, but there are no gods left to me Minthara
84%
Yes sir, no sir, rip and cut your throat sir. Orin
84%
My blood burns hotter than wyvern whiskey. Raphael
84%
Don't let my form deceive you. I am the one that's been protecting you. The Emperor
84%
Go for the eyes, Boo! Minsc
79%
You don't want a devil at your party. Wyll
79%
Ho there, wanderer. Stay thy course a moment to indulge an old man Elminster
68%
Fate spins along as it should. Withers
68%
We are copper pieces in their belts. Tokens to be traded for scraps. You have beaten me, True Soul, but the gods beat me first. Ketheric Thorm
63%
I'll rip your spine out your arsehole! Auntie Ethel
58%
Now, you will leave us. We must take succour in one another's bodies and words. Dame Aylin
58%
Move along. I mean - moo. Strange Ox
58%
Ignorant thing. It's always the terms and conditions that get you. Mizora
53%
Wretched thing! Pull yourself together! Dark Urge
47%
Hope you're keeping well, friend. Scratch
47%
I am nothing. I am the empty room. The dreamless sleep. The shadow's shadow. Shar
47%
Our fates are bound, my wisdom vast, I dearly hope our kinship lasts! Volo
47%
Am I not astonishing? A robust diet makes for a shrewd mind, you see. I am a gourmand... Lump
32%
What is the light of eyes but the cancer that causes one to witness the laceration of being? Malus Thorm
32%
I am the smile of the worm-cleansed skull. I am the regrets of those who remain, and the restlessness of those who are gone. Apostle of Myrkul
26%
It is... Pleasurable to see you. Omeluum
21%
Hello, Death. I like your hat Jaheria
16%
No matching quizzes found
Score Distribution
Percent of People with Each Score
Percentile by Number Answered
Your Score History
You have not taken this quiz